00705cam a22002171 4500001001300000003000400013005001700017008004100034010001700075035002000092040004700112042001200159050001600171100002400187245006700211260008700278300001800365504002500383650003900408650004000447e 32000496 DLC20260227111222.0880120s1929 dcu b 000 0 eng c ae 32000496  a(OCoLC)17364225 aLibrary, U.S. Office of EducationcMidDLC apremarc00aLB2825b.H41 aHealy, Mary Tenney.14aThe problems of state aid to education,cby Mary Tenney Healy. aWashington, D.C.,bCommittee on Education, National League of Women Voters,c1929. a23 p.c23 cm. aBibliography: p. 23. 0aEducationzUnited StatesxFinance. 0aEducation and statezUnited States.